000 00647nam a2200205 i 4500
001 bgj
100 1 _aCAMPBELL, Colin
245 1 0 _aMatrix :
_bpre-intermediate teacher's book /
_cColin Campbell Kathy Gude and Michael Duckworth.
260 _aOxford :
_bOxford University Press,
_c2002.
300 _a120 pp :
_bill. ;
_c30 cm.
650 9 _aEnglish language
_xTextbooks for foreigners |(pre-intermediate)
700 1 _aGUDE, Kathy.
_eco-author
700 1 _aDUCKWORTH, Michael.
_eco-author
020 _a0194703150
040 _cBPK
041 0 _aeng
920 _a0-19-470315-0
942 _cKS
008 s uk f |000 0 eng
999 _c48637
_d48637